The trail of tears / (Record no. 2051)

MARC details
000 -LEADER
fixed length control field 00951nam a22002777a 4500
005 - DATE AND TIME OF LATEST TRANSACTION
control field 20250331113231.0
020 ## - INTERNATIONAL STANDARD BOOK NUMBER
International Standard Book Number 0439253942
040 ## - CATALOGING SOURCE
Original cataloging agency FISKH
Language of cataloging eng
Transcribing agency FISKH
Modifying agency FISKH
050 ## - LIBRARY OF CONGRESS CALL NUMBER
Classification number E99.C5
082 ## - DEWEY DECIMAL CLASSIFICATION NUMBER
Classification number 975.0049755
100 ## - MAIN ENTRY--PERSONAL NAME
Personal name Bruchac, Joseph
245 ## - TITLE STATEMENT
Title The trail of tears /
Statement of responsibility, etc. By Joseph Bruchac Illustrated by Diana Magnuson
250 ## - EDITION STATEMENT
Edition statement First Scholastic printing, October 2000
260 ## - PUBLICATION, DISTRIBUTION, ETC.
Place of publication, distribution, etc. New York :
Name of publisher, distributor, etc. Random House,
Date of publication, distribution, etc. 2020
300 ## - PHYSICAL DESCRIPTION
Extent 48 Pages :
Dimensions 23 cm
505 ## - FORMATTED CONTENTS NOTE
Formatted contents note P <br/>
520 ## - SUMMARY, ETC.
Summary, etc. Recounts how the Cherokees, after fighting to keep their land in the nineteenth century, were forced to leave and travel 1200 miles to a new settlement in Oklahoma, a terrible journey known as the Trail of Tears.
521 ## - TARGET AUDIENCE NOTE
Target audience note 650 <br/>
Source Lexile estimate<br/>
521 ## - TARGET AUDIENCE NOTE
Target audience note P<br/>
Source Raz-Plus<br/>
650 ## - SUBJECT ADDED ENTRY--TOPICAL TERM
Topical term or geographic name entry element Indian
650 ## - SUBJECT ADDED ENTRY--TOPICAL TERM
Topical term or geographic name entry element Cherokees
650 ## - SUBJECT ADDED ENTRY--TOPICAL TERM
Topical term or geographic name entry element Native American
700 ## - ADDED ENTRY--PERSONAL NAME
Personal name Magnuson, Diana
Titles and other words associated with a name Illustrator
942 ## - ADDED ENTRY ELEMENTS (KOHA)
Source of classification or shelving scheme Dewey Decimal Classification
Koha item type Books
Suppress in OPAC No
999 ## -
-- 2051
-- 2051
Holdings
Withdrawn status Lost status Source of classification or shelving scheme Damaged status Not for loan Home library Current library Shelving location Date acquired Total Checkouts Full call number Barcode Date last seen Copy number Price effective from Koha item type Date due Date last checked out Collection
    Dewey Decimal Classification     Footprints International School Library Network Toul Kork Campus Footprints International School Library Network Toul Kork Campus TK Primary Library Room(4th Floor), Bookcase 5&6, Shelves 33-56, Orange Books 11/02/2023   BRU 975.0049755 E99.C5 FISTK05553 11/02/2023 1 11/02/2023 Books      
    Dewey Decimal Classification     Footprints International School Library Network Toul Kork Campus Footprints International School Library Network Toul Kork Campus TK Primary Library Room(4th Floor), Bookcase 5&6, Shelves 33-56, Orange Books 01/10/2025 1 BRU 975.0049755 E99.C5 FISTK04808 08/29/2025 2 01/10/2025 Books 09/12/2025 08/29/2025  
    Dewey Decimal Classification     Footprints International School Library Network Toul Tom Poung Campus Footprints International School Library Network Toul Tom Poung Campus TTP Primary Orange Bookshelves 03/31/2025   BRU 975.0049755 E99.C5 2025-0930 03/31/2025 3 03/31/2025 Books     Juvenile Fiction
    Dewey Decimal Classification     Footprints International School Library Network Toul Tom Poung Campus Footprints International School Library Network Toul Tom Poung Campus TTP Primary Orange Bookshelves 10/24/2025   BRU 975.0049755 E99.C5 FISSE01283 10/24/2025 4 10/24/2025 Books     Juvenile Fiction